| 000 | 01073cam a22003014a 4500 | ||
|---|---|---|---|
| 999 |
_c337 _d337 |
||
| 001 | 2157158 | ||
| 003 | GZU | ||
| 005 | 20200721092019.0 | ||
| 008 | 990421s1999 ilu b 001 0 eng | ||
| 010 | _a 99022149 | ||
| 020 | _a0842318089 (hardcover : alk. paper) | ||
| 040 |
_aDLC _cDLC _dDLC |
||
| 042 | _apcc | ||
| 050 | 0 | 0 |
_aBR115.C8 _bC554 1999 |
| 082 | 0 | 0 |
_a261 _221 |
| 100 | 1 | _aColson, Charles W. | |
| 245 | 1 | 0 |
_aHow now shall we live? / _cCharles Colson and Nancy Pearcey. |
| 260 |
_aWheaton, Ill. : _bTyndale House Publishers, _cc1999. |
||
| 300 |
_axiv, 574 p. ; _c24 cm. |
||
| 504 | _aIncludes bibliographical references (p. [493]-559) and index. | ||
| 650 | 0 | _aChristianity and culture. | |
| 650 | 0 |
_aChristianity _y20th century. |
|
| 650 | 0 | _aChristian life. | |
| 700 | 1 | _aPearcey, Nancy. | |
| 906 |
_a7 _bcbc _corignew _d1 _eocip _f19 _gy-gencatlg |
||
| 942 |
_2lcc _cBK _h115 _iCOL _kBR _m1999 |
||